| 000 | 00479nam a22001697a 4500 | ||
|---|---|---|---|
| 003 | NUST | ||
| 005 | 20260202154420.0 | ||
| 008 | 260202b ||||| |||| 00| 0 eng d | ||
| 020 | _a978-0135000892 | ||
| 082 | _a620.0042 | ||
| 100 |
_aBethune, James D. _963397 |
||
| 245 |
_aEngineering Graphics with AutoCAD 2009 / _cBethune, James D. |
||
| 260 |
_aUSA: _bPearson College Div, _c2008. |
||
| 300 |
_a737 p; _c8.5 x 1.25 x 11 inches |
||
| 563 | _aPapercover | ||
| 942 |
_2ddc _cBK |
||
| 999 |
_c616021 _d616021 |
||